000 00838nam a22002297a 4500
005 20170809110039.0
010 _aENG-110455
020 _a9788183223218
_c150.00
020 _a9788183223218
_c195.00 (AV)
035 _aEN-93987
037 _bDBAD/PUB
082 _a658.4092
100 _aCovey, Stephen R.
245 0 0 _aPredictable results in unpredictable times /
_cby Stephen R. Covey, Bob Whitman [and] Breck England
260 _aNew Delhi
_bManjul Publishing House
_c2012
270 _a7/32, Ground Floor, Ansari Road, Darya Ganj
_bNew Delhi
_e110002
300 _avi,110p.
_c22cm(pbk)
700 _aWhitman, Bob
700 _aEngland, Breck
942 _2ddc
_cEN
_mCOV
_h658.4092
999 _c86767
_d86767